| 000 | 00000nam 2200000za 4500 |
| 001 | 9.822315 |
| 003 | CaOODSP |
| 005 | 20221107143647 |
| 007 | cr ||||||||||| |
| 008 | 160809s1982 xxc |o f|0| 0 fre d |
| 040 | |aCaOODSP|bfre |
| 043 | |an-cn--- |
| 086 | 1 |aF2-57/1982F-PDF |
| 110 | 1 |aCanada. |bMinistère des finances. |
| 245 | 10|aElargissement de la compétence douanière au plateau continental canadien |h[ressource électronique] : |bun document explicatif / |cpublié sous les auspices de l'honorable Paul Cosgrove ministre d'Etat aux Finances. |
| 260 | |a[Ottawa] : |bMinistère des Finances Canada, |c1982. |
| 300 | |a16 p. : |btableau, fig. |
| 500 | |aDécembre 1982. |
| 500 | |aPublié aussi en anglais sous le titre : Extension of customs jurisdiction over the canadian continental shelf : a background paper. |
| 504 | |aComprend des références bibliographiques. |
| 692 | 07|2gccst|aDouanes |
| 775 | 08|tExtension of customs jurisdiction over the Canadian continental shelf |w(CaOODSP)9.822309 |
| 856 | 40|qPDF|s547 Ko|uhttps://publications.gc.ca/collections/collection_2016/fin/F2-57-1982-fra.pdf |